|
|
|
|
| LEADER |
00000cam a2200000 7i4500 |
| 001 |
0000000280 |
| 005 |
20011124.0 |
| 020 |
0 |
0 |
|a 9679785688
|
| 090 |
0 |
0 |
|a 302.0959
|b CLA 1996
|
| 100 |
1 |
0 |
|a CLAMMER
|h John
|
| 245 |
1 |
0 |
|a Values and development in Southeast Asia
|c John Clammer
|
| 260 |
0 |
0 |
|a Petaling Jaya, Selangor :
|b Pelanduk Pub. ,
|c 1996
|
| 300 |
|
|
|a 228 p. ;
|c 23 cm.
|
| 500 |
0 |
0 |
|a Includes bibliographical references and index
|
| 650 |
0 |
0 |
|a Asia, Southeastern
|x Cultural policy
|
| 650 |
0 |
0 |
|a Social change
|z Asia Southeastern
|
| 651 |
0 |
0 |
|a Asia, Southeastern
|x Economic conditions
|
| 651 |
0 |
0 |
|a Asia, Southeastern
|x Intellectual life
|
| 651 |
0 |
0 |
|a Asia, Southeastern
|x Politics and government
|
| 651 |
0 |
0 |
|a Asia, Southeastern
|x Social conditions
|
| 998 |
|
|
|a JPSM
|
| 999 |
|
|
|a 0000001379
|b Monograph
|c Open Shelf
|e Default branch
|